header

Queer visibilities (Record no. 64830)

MARC details
000 -LEADER
fixed length control field 01897nam a2200397 a 4500
082 04 - DEWEY DECIMAL CLASSIFICATION NUMBER
Classification number 306.76/6209687355
100 1# - MAIN ENTRY--AUTHOR NAME
Personal name Tucker, Andrew,
245 10 - TITLE STATEMENT
Title Queer visibilities
260 ## - PUBLICATION, DISTRIBUTION, ETC. (IMPRINT)
Place of publication Malden, Mass. :
Name of publisher Wiley-Blackwell,
Year of publication 2009.
300 ## - PHYSICAL DESCRIPTION
Number of Pages x, 246 p. :
Other physical details ill., maps.
490 1# - SERIES STATEMENT
Series statement RGS-IBG book series
505 0# - FORMATTED CONTENTS NOTE
Formatted contents note Queer visibilities in Cape Town -- Legacies and visibilities among white queer men -- Coloured visibilities and the raced nature of heteronormative space -- How to be a queer Xhosa man in the Cape Town townships -- Social invisibilities -- Political invisibilities (and visibilities) -- The costs of invisibility.
650 #0 - SUBJECT ADDED ENTRY--TOPICAL TERM
Topical Term Gay men
Topical Term Sexual orientation
Topical Term Sex discrimination
Topical Term Gay men
856 40 - ELECTRONIC LOCATION AND ACCESS
Uniform Resource Identifier http://site.ebrary.com/lib/rucke/Doc?id=10298032

No items available.

© 2026 Rongo University
Contact us: librarian | system librarian | Rongo university